Mamá sana, bebé sano /

Guardado en:
Detalles Bibliográficos
Autor principal: Lifshitz, Aliza A. (autor)
Formato: Libro
Idioma:Español
Publicado: EUA : Nelson, 2006, c2006
Temas:
Etiquetas: Agrega una etiqueta
Sin etiquetas, Sé el primero en etiquetar este registro!

MARC

LEADER 00000nam^a2200000^a^4500
001 000276828
005 20250521000000.0
008 080523 20062006
009 20260310111316.455
020 |a 0-88113-039-7 
037 |a Acervo ITESO - Biblioteca 
041 |a ESP 
082 |a 618. 2  |b LIF 
100 |a Lifshitz, Aliza A.  |e (autor) 
245 1 0 |a Mamá sana, bebé sano /  |c A.A. Lifshitz. 
264 4 |a EUA :  |b Nelson,  |c 2006, c2006 
300 |a X, 243 p. 
336 |a texto  |b txt  |2 rdacontenido 
337 |a sin mediación  |b n  |2 rdamedio 
338 |a volumen  |b nc  |2 rdasoporte 
500 |a Traducción de: Healthly Mother, Healthly Baby 
649 |a XX 
650 |a Madres -  |x Cuidado e Higiene -  |x Tema Principal 
650 |a Embarazo -  |x Tema Principal 
650 |a Obstetricia 
650 |a Ginecología 
650 |a Medicina 
910 |a Fondo General 
920 |a Impresos - Libros 
930 |a Colección General 
905 |a 101 
901 |a 0500161544  |b IT1  |c ACC  |u 20250521 
902 |a https://opac.biblio.iteso.mx/vufind/Record/000276828